00662 2200241 4500001002100000005001700021008004100038020002200079035002500101041000800126043001200134082001200146090002300158100002100181245003200202260002700234300003600261504003100297650003400328700002400362850001200386999002200398YOGYA-0511000000152120150527154722.0 ind  a978-979-29-1547-1 a0010-051100000001520 aInd aYOPDYOG a005.136 aDEP 005.136bAbd P aABDUROHMAN,Maman aPemrograman bahasa Assembly aYogyakartabAndic2010 aXI, 259 hlm. :bilus. ;c23 cm. aBibliografi : hlm. 225-259 aAssembly (Bahasa Pemrograman) aHarjono, Dhewiberta aYOPDYOG aCB-D.11-2010-1289